| 000 | 00962cam a2200265 4500 | ||
|---|---|---|---|
| 001 | X113645 | ||
| 008 | 010712n2001 000 0 eng u | ||
| 035 | _a(Sirsi) u113645 | ||
| 100 | _aLorance, R. | ||
| 245 | _aBasic techniques for analyzing and presentation of cost risk analysis | ||
| 260 | _c2001 | ||
| 490 |
_aCost Engineering _v43(6) June 2001, 25-31(7) |
||
| 520 | _aDebates the use of the quantitative process known as simulation with Monte Carlo analysis (MCA) as a method of analysing the cost probabilities and risks associated with significant or strategic business decisions. Tables, graphs, references. | ||
| 650 | _aCAPITAL COSTS | ||
| 650 | _aCOST ENGINEERING | ||
| 650 | _aESTIMATES | ||
| 650 | _aMONTE CARLO METHOD | ||
| 650 | _aMONTE CARLO SIMULATION | ||
| 650 | _aRISK ANALYSIS | ||
| 650 | _aRISK ASSESSMENT | ||
| 650 | _aSTRATEGIC PLANNING | ||
| 690 |
_aProject management _96261 |
||
| 700 | _aWendling, R. | ||
| 942 | _n0 | ||
| 999 |
_c67720 _d67720 |
||